Tous les Vocaloid - Statistiques

Statistiques générales
  • Ce quiz a été pris 314 fois
  • Le résultat moyen est 17 sur 89
Statistiques - réponses
Réponse % Correct
Hatsune Miku
98%
Kagamine Len
93%
Kagamine Rin
92%
KAITO
90%
MEIKO
85%
Megurine Luka
82%
GUMI
72%
Camui Gackpo
57%
flower
53%
IA
44%
OLIVER
41%
LOLA
36%
LEON
35%
Kaai Yuki
34%
Fukase
32%
SeeU
32%
Lily
29%
VY1 / MIZKI
29%
Utatane Piko
28%
VY2 / YUMA
27%
CUL
23%
MAYU
22%
SF-A2 miki
22%
MIRIAM
20%
Mo Qingxian
20%
Yuzuki Yukari
20%
Sweet ANN
19%
Otomachi Una
17%
Ryuto / Gachapoid
17%
Aoki Lapis
15%
BIG AL
15%
DEX
14%
Hiyama Kiyoteru
14%
kanon
14%
Nekomaru Iroha
14%
CYBER DIVA
13%
anon
11%
Bruno
11%
MEIKA Mikoto
11%
Mew
11%
Prima
11%
Rana
11%
Tone Rion
11%
Tonio
11%
Clara
10%
Haruno Sora
10%
MAIKA
10%
MEIKA Hime
10%
Luo Tianyi
9%
Macne Nana
9%
SONiKA
9%
CYBER SONGMAN
8%
Ken
8%
KYO
8%
Ruby
8%
UNI
8%
YOHIOloid
8%
YUU
8%
ARSLOID
7%
DAINA
7%
galaco
7%
LUMi
7%
Xingchen / Stardust
7%
AKITO
6%
Merli
6%
Mirai Komachi
6%
Tohoku Zunko
6%
ALLEN
5%
AVANNA
5%
Chris
5%
Kizuna Akari
5%
Kobayashi Matcha
5%
Sachiko
5%
SARAH
5%
YANHE
5%
Yuezheng Ling
5%
Kaori
4%
kokone
4%
Unity-Chan (Otori Kohaku / AKAZA)
4%
Xin Hua
4%
Yuezheng Longya
4%
Chika
3%
Yumemi Nemu
3%
Zhiyu Moke
3%
Amy
2%
Macne Petit
2%
WIL
2%
HARUKA
1%
Masaoka Azuki
1%
Aucun quiz correspondant
Distribution des résultats
% des personnes avec chaque résultat
Percentile par nombre de réponses
Votre historique - résultats
Vous n’avez pas pris ce quiz